University Home | Library Home | Institutional Repository

Japan : (Record no. 57123)

MARC details
000 -LEADER
fixed length control field 00783cam2a220024100 4500
001 - CONTROL NUMBER
control field tmp15407792
003 - CONTROL NUMBER IDENTIFIER
control field UPRA
005 - DATE AND TIME OF LATEST TRANSACTION
control field 20190815085840.0
008 - FIXED-LENGTH DATA ELEMENTS--GENERAL INFORMATION
fixed length control field 9508081985 ja eng u
020 ## - INTERNATIONAL STANDARD BOOK NUMBER
Terms of availability
-- 5.00
035 ## - SYSTEM CONTROL NUMBER
System control number (Sirsi) r31637
035 ## - SYSTEM CONTROL NUMBER
System control number (UPRA)tmp15407792
040 ## - CATALOGING SOURCE
Transcribing agency UPRA
245 00 - TITLE STATEMENT
Title Japan :
Remainder of title a reginal geography of an island nation /
Statement of responsibility, etc. edited by Toshio Noh and John C. Kimura.
260 ## - PUBLICATION, DISTRIBUTION, ETC.
Place of publication, distribution, etc. [Tokyo] :
Name of publisher, distributor, etc. Teikoku-Shoin,
Date of publication, distribution, etc. 1985.
504 ## - BIBLIOGRAPHY, ETC. NOTE
Bibliography, etc. note Bibliography.
651 #0 - SUBJECT ADDED ENTRY--GEOGRAPHIC NAME
Geographic name Japan -- Description and travel.
General subdivision Japan -- Description and travel.
Linkage S28943.1
700 1# - ADDED ENTRY--PERSONAL NAME
Personal name No, Toshio, 1912-
Dates associated with a name No, Toshio, 1912-
Linkage A95807.1
700 1# - ADDED ENTRY--PERSONAL NAME
Personal name Kimura, John C.
Linkage A95808.1
949 ## - LOCAL PROCESSING INFORMATION (OCLC)
a GB322
w lcc
i -36142
m MAIN
t BOOK
l ON-SHELF
987 ## - LOCAL ROMANIZATION/CONVERSION HISTORY (OCLC)
Romanization/conversion identifier ISBN : unreadable?

No items available.

© 2026 - The University of Zambia Library - Koha v25.11